Mío, mi pequeño mío / (Registro nro. 10792)
[ vista simple ]
| 000 -LIDER | |
|---|---|
| fixed length control field | 00948nam a22003017a 4500 |
| 001 - NÚMERO DE CONTROL | |
| Identificador de número de control | 000379 |
| 003 - IDENTIFICACDOR DE NÚMERO DE CONTROL | |
| control field | DO-SdBNP |
| 005 - DATE AND TIME OF LATEST TRANSACTION | |
| control field | 20230502120934.0 |
| 007 - CAMPOS FIJOS DE DESCRIPCIÓN FÍSICA | |
| fixed length control field | 000380 |
| 008 - ELEMENTOS DE LONGITUD FIJA | |
| fixed length control field | 160708b 2005 sp 00| 0 spa d |
| 020 ## - ISBN | |
| International Standard Book Number | 8426134440 |
| 040 ## - FUENTE DE CATALOGACIÓN | |
| Agencia que crea de manera original el registro | BPMSU |
| Idioma de catalogación | spa |
| Agencia que realiza la transcripción | BPMSU |
| 082 #4 - NÚMERO DE CLASIFICACIÓN DECIMAL DE DEWEY | |
| Classification number | 839.736 |
| Item number | L745m 2005 |
| Edition number | 22 |
| 100 1# - ASIENTO PRINCIPAL -- NOMBRE PERSONAL | |
| Nombre personal | Lindgren, Astrid, |
| Fechas asociadas con el nombre | 1907-2002. |
| 245 10 - MENCIÓN DE TITULO | |
| Título | Mío, mi pequeño mío / |
| Mención de responsabilidad | Astrid Lindgren ; traducción de Herminia Dauer ; ilustraciones de Ilon Wiklan. |
| 260 ## - PUBLICACIÓN, DISTRIBUCIÓN, ETC. (PIE DE IMPRENTA) | |
| Lugar de publicación, distribución, etc | Barcelona : |
| Nombre del editor, distribuidor, etc. | Juventud, |
| Fecha de publicación, distribución, etc | 2005. |
| 300 ## - DESCRIPCIÓN FÍSICA | |
| Extensión | 141 p. : |
| Otros detalles físicos | il. ; |
| Dimensiones | 22 cm. |
| 490 0# - MENCIÓN DE SERIES | |
| Mención de serie | Juventud |
| 500 ## - NOTA GENERAL | |
| Nota general | |
| 500 ## - NOTA GENERAL | |
| Nota general | Incluye datos biográficos de la autor en la solapa de la contracubierta. |
| 590 ## - NOTA LOCAL | |
| Enlace | Inventariado, 2023/VM |
| 650 #4 - ENCABEZAMIENTO DE MATERIA--TEMÁTICO | |
| Término temático o nombre geográfico como elemento de entrada | Novela juvenil sueca |
| 700 1# - ASIENTO SECUNDARIO -- NOMBRE PERSONAL | |
| Nombre personal | Wikland, Ilon, |
| Mención de responsabilidad | il. |
| 700 1# - ASIENTO SECUNDARIO -- NOMBRE PERSONAL | |
| Nombre personal | Dauer, Herminia, |
| Mención de responsabilidad | tr. |
| 700 1# - ASIENTO SECUNDARIO -- NOMBRE PERSONAL | |
| Nombre personal | Sorrentino, Fernando |
| 910 ## - VALIDACIÓN | |
| Validación | LOPEREZ/VMateo V. Control de calidad (BMSU) |
| 942 ## - ADDED ENTRY ELEMENTS (KOHA) | |
| Source of classification or shelving scheme | Dewey Decimal Classification |
| Koha item type | Libros |
| Withdrawn status | Lost status | Source of classification or shelving scheme | Damaged status | Not for loan | Collection code | Home library | Current library | Date acquired | Source of acquisition | Full call number | Barcode | Date last seen | Price effective from | Koha item type | Copy number | Total Checkouts |
|---|---|---|---|---|---|---|---|---|---|---|---|---|---|---|---|---|
| Dewey Decimal Classification | Colección Juvenil General | Biblioteca Pública Metropolitana Salomé Ureña | Biblioteca Pública Metropolitana Salomé Ureña | 07/08/2016 | BPMSU CJG 839.736 L745m 2005 | BPMSU16070301 | 07/08/2016 | 07/08/2016 | Libros | |||||||
| Dewey Decimal Classification | Colección Juvenil General | Biblioteca Pública Metropolitana Salomé Ureña | Biblioteca Pública Metropolitana Salomé Ureña | 07/08/2016 | BPMSU CJG 839.736 L745m 2005 | BPMSU16070302 | 07/08/2016 | 07/08/2016 | Libros | e.2 | ||||||
| Dewey Decimal Classification | Colección Juvenil General | Biblioteca Pública Metropolitana Salomé Ureña | Biblioteca Pública Metropolitana Salomé Ureña | 07/08/2016 | FUNDI | BPMSU CJG 839.736 L745m 2005 | BPMSU16070303 | 07/08/2016 | 07/08/2016 | Libros | e.3 |